000 00302nam a22001337a 4500
020 _a978-1-107-00350-7
041 _aENG
100 _aGhiaasiaan.S.M
245 _aConvective Heat And Mass Transfer
260 _aDelhi
_bCambridge
_c2011
300 _a524
650 _aAPE
856 _uAPE ( 02 )
999 _c1638
_d1638